000 00944nam a2200457Ia 4500
001 12322
003 24056
005 20250425062549.0
008 ||||||n9999 ||| || ||
041 _aspa
082 _220
_a863
100 _aRojas Herazo, Hector
_920592
245 0 _aEn noviembre llega el arzobispo
260 _aBogotá :
_bOveja Negra,
_c1983.
300 _a224p
490 _aObras maestras del siglo XX
562 _e1
650 0 _aNovela
_918672
942 _cBKM
942 _cBKM
999 _c12322
_d12322
526 _a
526 _a17598
526 _a102617
526 _a102618
526 _a15794
526 _a102619
526 _a1703
526 _a102620
526 _a10406
526 _a105630
526 _a1698
526 _a116204
526 _a51868
526 _a4969
526 _a19790
526 _a104436
526 _a5144
526 _a1697
526 _a3899
526 _a9683